Statistiques concernant Trouvez ces logos #2

Cliquez ici pour prendre le quiz!

Statistiques générales

  • Ce quiz a été pris 104 fois
  • Le résultat moyen est 10 sur 16

Statistiques - réponses

Réponse% Correct
Bayer Leverkusen
94%
Celtic
91%
Olympiakos
91%
Cologne
86%
Leeds United
85%
Sassuolo
78%
Inter Miami
76%
Getafe
72%
Hanovre
71%
Espanyol Barcelone
66%
Standard Liège
58%
Vasco de Gama
46%
Atlanta United
42%
Groningue
38%
Sydney FC
24%
Chapecoense
20%

Distribution des résultats

Percentile par nombre de réponses

% des personnes avec chaque résultat

Votre développement - résultats

Vous n’avez pas pris ce quiz